Cultivo de hongos comestibles del género Pleurotus sobre residuos agrícolas de la zona cafetera /
Guardado en:
| Autor Principal: | |
|---|---|
| Otros Autores: | |
| Formato: | Libro |
| Idioma: | Spanish |
| Publicado: |
Chinchiná, Colombia :
CENICAFÉ,
2004.
|
| Acceso en línea: | Texto completo |
| Etiquetas: |
Agregar Etiqueta
Sin Etiquetas, Sea el primero en etiquetar este registro!
|
| LEADER | 00692nam a22001695a 4500 | ||
|---|---|---|---|
| 001 | EEA.libagro007490 | ||
| 005 | 20180514123153.0 | ||
| 008 | 130809s2004####ck#a##########000#0#spa#d | ||
| 022 | |a 0120-047X | ||
| 082 | 0 | 4 | |a 635.8 |
| 100 | 1 | |a Rodríguez Valencia, Nelson. | |
| 245 | 1 | 0 | |a Cultivo de hongos comestibles del género Pleurotus sobre residuos agrícolas de la zona cafetera / |c Nelson Rodríguez Valencia, Carmenza Jaramillo López. |
| 260 | |a Chinchiná, Colombia : |b CENICAFÉ, |c 2004. | ||
| 300 | |a 56 p. : |b il. ; |c 24 cm. | ||
| 700 | 1 | |a Jaramillo López, Carmenza. | |
| 856 | |u http://www.cenicafe.org/es/publications/bot027.pdf |3 Texto completo | ||
| 859 | |a AR-BbBCA |b BIB. AGRONOMIA |h 635.8 |i R696 |p 2005/4861 | ||
